| 000 | 00847nam1a2200253 i 4500 | ||
|---|---|---|---|
| 001 | RU\NLR\bibl\1146746 | ||
| 005 | 20260406121303.0 | ||
| 035 | _a(NLR Aleph) 001133563 | ||
| 090 |
_a1373155 _c1373155 |
||
| 100 | _a20071029g20079999u y0rusy50 ca | ||
| 101 | 0 | _arus | |
| 102 | _aRU | ||
| 105 | _ay ||||||||| | ||
| 200 | 1 |
_aТот, кто знает. Опасные вопросы _e[роман _eв 2 кн.] _fАлександра Маринина |
|
| 210 |
_aМосква _cЭксмо _d2007 |
||
| 215 | _d21 | ||
| 463 | 0 | _10011130063 | |
| 517 | 0 | _aОпасные вопросы | |
| 700 | 1 |
_4070 _8rus _7ca _aМаринина _bА. Б. _gАлександра Борисовна _f1957- _3RU\NLR\auth\77515 _9110564 |
|
| 801 | 0 |
_aRU _bNLR _c20071029 _gRCR |
|
| 801 | 1 |
_aRU _bNLR _c20071029 |
|
| 852 |
_aNLR _j2007-3/25858 |
||
| 942 | _cBOOK | ||